| 000 | 00862nam a2200265 a 4500 | ||
|---|---|---|---|
| 008 | |||
| 020 | _a9781526468703 (paperback) | ||
| 040 |
_aNUST _cNUST |
||
| 049 | _aMAIN | ||
| 090 |
_aRG951 _bMIT |
||
| 100 | 1 |
_aMitchell, Florence., _aauthor. |
|
| 245 | 1 | 0 |
_aB.Sc.(Hons) Nursing - Year 3, school of nursing and midwifery/ _c Florence Mitchell & Nuala Devlin. |
| 260 |
_aLondon : _bSAGE, _c2018. |
||
| 300 |
_avii, 674 pages : _billustrations ; _c25 cm. |
||
| 336 |
_atext _btxt _2rdacontent |
||
| 337 |
_aunmediated _bn _2rdamedia |
||
| 338 |
_avolume _bnc _2rdacarrier |
||
| 504 | _aIncludes bibliographical references. | ||
| 650 | 1 | _aNursing and midwifery. | |
| 700 |
_aDevlin, Nuala., _aauthor. |
||
| 907 |
_a.b10409154 _b07-09-21 _c07-09-21 |
||
| 003 | |||
| 005 | 20230120204318.0 | ||
| 942 |
_cBOOKS _kRG951 _mMIT |
||
| 999 |
_c120953 _d120953 |
||